| 000 | 00533nam a22001937a 4500 | ||
|---|---|---|---|
| 003 | OSt | ||
| 005 | 20230324045012.0 | ||
| 008 | 170511b xxu||||| |||| 00| 0 eng d | ||
| 020 | _a1269521454 | ||
| 040 |
_aMMU _beng. _cMMU _dMMU |
||
| 050 | _aHF5415.M37 2013 | ||
| 100 | _aArmstrong, Gary | ||
| 245 |
_aMarketing: _ban introduction/ _cGary Amstrong, Philip Kotler |
||
| 260 |
_aNew Jersey: _bPearson Publishers, _cc2013. |
||
| 300 | _axxviii,449 p.; | ||
| 650 | _aMarketing. | ||
| 700 | _aKortler, Philip | ||
| 942 |
_2lcc _cLOAN LOAN |
||
| 999 |
_c27718 _d27717 |
||